[Event "Nezhmetdinov Memorial 43rd"]
[Site "Kazan"]
[Date "2021.06.04"]
[Round "8"]
[White "Volkov, Roman"]
[Black "Balashov, Yuri S"]
[Result "0-1"]
[WhiteElo "2163"]
[BlackElo "2461"]
[PlyCount "100"]
[EventDate "2021.05.29"]
[EventType "swiss"]
[EventRounds "9"]
[EventCountry "RUS"]
[SourceTitle "CBM 203 Extra"]
[Source "ChessBase"]
[SourceDate "2021.09.30"]
[SourceVersion "1"]
[SourceVersionDate "2021.09.30"]
[SourceQuality "1"]

1. Nf3 c5 2. c4 Nc6 3. Nc3 g6 4. g3 Bg7 5. Bg2 d6 6. 0-0 e5 7. d3 Nge7 8. Ne1 Be6 9. Nc2 d5 10. cxd5 Nxd5 11. Ne3 Nde7 12. Qa4 Rc8 13. Bd2 0-0 14. Rfc1 f5 15. Rab1 a6 16. a3 Rc7 17. Nc2 c4 18. Be3 cxd3 19. exd3 Qxd3 20. Rd1 Qc4 21. Qxc4 Bxc4 22. Bb6 Rcc8 23. Rd7 e4 24. Ne3 Be6 25. Rd6 Bb3 26. Rd7 Be6 27. Rd6 Kf7 28. f4 exf3 29. Bxf3 Be5 30. Rd3 Bc7 31. Bxc7 Rxc7 32. Bg2 Rd8 33. Rxd8 Nxd8 34. h4 Rd7 35. Kf2 Bb3 36. Ne2 Ndc6 37. Nc1 Be6 38. b4 Ne5 39. b5 a5 40. b6 N5c6 41. Rb5 Rd4 42. Ne2 Rd2 43. Rb1 Nd4 44. Bf1 Ra2 45. Rc1 Nec6 46. Ke1 Nxe2 47. Bxe2 Rxa3 48. Nc4 Bxc4 49. Bxc4+ Ke7 50. Bd5 Kd6 0-1